Problemas jurídicos derivados del descubrimiento de bellezas naturales subterráneas : (Record no. 37273)

MARC details
000 -LEADER
campo de control de longitud fija 01112nam a2200289 i 4500
001 - NÚMERO DE CONTROL
campo de control 37273
003 - IDENTIFICADOR DE NÚMERO DE CONTROL
campo de control ES-MaACL
005 - FECHA Y HORA DE LA ÚLTIMA TRANSACCIÓN
campo de control 20260127062525.0
007 - CAMPO FIJO DE DESCRIPCIÓN FÍSICA--INFORMACIÓN GENERAL
campo de control de longitud fija t|
008 - DATOS DE LONGITUD FIJA--INFORMACIÓN GENERAL
campo de control de longitud fija 030220s1966 sp ||||1| spa d
017 ## - NÚMERO DE COPYRIGHT O DE DEPÓSITO LEGAL
Número de copyright o de depósito legal MA 31-1966
Agencia que asigna Oficina Depósito Legal Málaga
080 ## - NÚMERO DE LA CLASIFICACIÓN DECIMAL UNIVERSAL
Número de la Clasificación Decimal Universal 330.15
080 ## - NÚMERO DE LA CLASIFICACIÓN DECIMAL UNIVERSAL
Número de la Clasificación Decimal Universal 349.6
100 1# - ENTRADA PRINCIPAL--NOMBRE DE PERSONA
Nombre de persona Bueno García, Francisco María
Término indicativo de función/relación Autor
9 (RLIN) 32395
245 10 - MENCIÓN DEL TÍTULO
Título Problemas jurídicos derivados del descubrimiento de bellezas naturales subterráneas :
Resto del título [conferencia] /
Mención de responsabilidad, etc. Francisco M.ª Bueno García
260 ## - PUBLICACIÓN, DISTRIBUCIÓN, ETC.
Lugar de publicación, distribución, etc. [Málaga :
Nombre del editor, distribuidor, etc. s.n.,
Fecha de publicación, distribución, etc. 1966]
Fabricante (Tip. La Española)
300 ## - DESCRIPCIÓN FÍSICA
Extensión 31 páginas ;
Dimensiones 18 cm
594 ## - Nota al título y mención de responsabilidad
Nota al título y mención de responsabilidad Conferencia pronunciada el 5 de mayo de 1965 en la Real Academia de Jurisprudencia y Legislación de Madrid
650 #7 - PUNTO DE ACCESO ADICIONAL DE MATERIA--TÉRMINO DE MATERIA
Término de materia o nombre geográfico como elemento de entrada Recursos naturales
Fuente del encabezamiento o término embne
9 (RLIN) 16700
650 #7 - PUNTO DE ACCESO ADICIONAL DE MATERIA--TÉRMINO DE MATERIA
Término de materia o nombre geográfico como elemento de entrada Derecho ambiental
Fuente del encabezamiento o término embne
9 (RLIN) 11652
655 #4 - TERMINO DE INDIZACIÓN--GENERO/FORMA
Datos o término principal de género/forma Conferencias
9 (RLIN) 234444
700 ## - ENTRADA AGREGADA--NOMBRE PERSONAL
Nombre de persona Real Academia de Jurisprudencia y Legislación de España
Término indicativo de función/relación entidad responsable
9 (RLIN) 217612
852 4# - LOCALIZACIÓN
Ubicación ES-MaACL
Ubicación en estantería Depósito folletos
Número de control de estantería 2059-F-9
942 ## - ELEMENTOS DE ENTRADA SECUNDARIOS (KOHA)
Fuente del sistema de clasificación o colocación Clasificación decimal universal
Tipo de ítem Koha Folleto
Suprimir en OPAC No
Holdings
Estatus retirado Estado de pérdida Estado de daño No para préstamo Colección Biblioteca de origen Biblioteca actual Ubicación en estantería Fecha de adquisición Fuente de adquisición Total de préstamos Signatura topográfica completa Código de barras Visto por última vez Precio de reemplazo Tipo de ítem Koha
        Colección de folletos Biblioteca del Ateneo de Madrid Biblioteca del Ateneo de Madrid Depósito folletos 17/01/2008     2059-F-9 1039222 23/02/2023 23/02/2023 Folleto